Cálculos de química analítica

Bibliographic Details
Main Authors: Hamilton, Leicester F, Simpson, Stephen G, Ellis, David W
Format: Section = Libro
Language:Undetermined
Spanish
Published: México McGraw-Hill 1988
Edition:7a.ed.
Subjects:
LEADER 00551nam a2200217Ia 4500
008 240829s9999 xx 000 0 und d
020 |a 968-451-120-5 
040 |a BIBLIOTECA-RUSB/ 543 H218 
041 |a spa 
082 |a 543 H218 
100 1 |a Hamilton, Leicester F  
100 1 |b  Simpson, Stephen G 
100 1 |c  Ellis, David W 
245 1 0 |a Cálculos de química analítica 
250 |a 7a.ed. 
260 |a México  |b McGraw-Hill  |c 1988 
300 |a 494 p. :il. 
650 7 |a QUIMICA ANALITICA 
942 |c BK  |2 ddc 
991 |a TEXTO 
999 |c 2424